Guide to JIS marking system.
| Format: | Book |
|---|---|
| Published: |
Tokyo:
JETRO,
1994.
|
| Subjects: |
| LEADER | 00418cam a2200157 7i4500 | ||
|---|---|---|---|
| 001 | 0000003116 | ||
| 005 | 19991025090000.0 | ||
| 002 | ##000004452 | ||
| 020 | 0 | 0 | |a 4-8224-0664-4 |
| 090 | 0 | 0 | |a JAPN 658.562 |b GUI |
| 245 | 0 | 0 | |a Guide to JIS marking system. |
| 260 | 0 | 0 | |a Tokyo: |b JETRO, |c 1994. |
| 300 | 0 | 0 | |a 380 p.. |
| 650 | 0 | 0 | |a Standardization -- |x Marks |
| 651 | 0 | 0 | |a Japan |
| 999 | |a 0000004847 |b Book |c Open shelf |e Business Information Centre | ||


